| Поле | Название | Значение |
| |
Тип записи |
a |
| |
Библиографический уровень |
m |
| 001 |
Контрольный номер |
RU\infra-m\znanium\bibl\2231285 |
| 005 |
Дата корректировки |
20260429142136.0 |
| 008 |
Кодируемые данные |
260407s2025 RU g rus u |
| 020 |
Индекс ISBN |
__ |
| a |
ISBN |
978-5-9614-4384-4 |
| 040 |
Источник каталогиз. |
__ |
| a |
Служба первич. каталог. |
Общество с ограниченной ответственностью «ЗНАНИУМ» |
| 041 |
Код языка издания |
__ |
| a |
Код языка текста |
rus |
| 044 |
Код страны публикации |
__ |
| a |
Код страны публикации |
RU |
| 080 |
Индекс УДК |
__ |
| a |
Индекс УДК |
338 |
| 080 |
Индекс УДК |
__ |
| a |
Индекс УДК |
94 |
| 084 |
Индекс другой классификации/Индекс ББК |
__ |
| 2 |
Источник индекса |
rubbk |
| a |
Индекс другой классификации/Индекс ББК |
6332 |
| 084 |
Индекс другой классификации/Индекс ББК |
__ |
| 2 |
Источник индекса |
rubbk |
| a |
Индекс другой классификации/Индекс ББК |
6505 |
| 084 |
Индекс другой классификации/Индекс ББК |
__ |
| 2 |
Источник индекса |
okso |
| a |
Индекс другой классификации/Индекс ББК |
46.03.01 |
| 100 |
Автор |
__ |
| a |
Автор |
Авен П. |
| q |
Полное имя |
Авен Петр |
| 245 |
Заглавие |
__ |
| a |
Заглавие |
Революция Гайдара: История реформ 90-х из первых рук |
| b |
Продолж. заглавия |
Научно-популярная литература |
| 250 |
Сведения об издании |
__ |
| a |
Основные сведения об издании |
1 |
| 260 |
Выходные данные |
__ |
| a |
Место издания |
Москва |
| b |
Издательство |
ООО "Альпина Паблишер" |
| c |
Дата издания |
2026 |
| 300 |
Физическое описание |
__ |
| a |
Объем |
440 с. |
| 520 |
Аннотация |
__ |
| a |
Аннотация |
С начала 90-х гг. когда за реформу экономики России взялась команда Егора Гайдара прошло уже немало времени но до сих пор не утихают споры насколько свое временными и правильными они были. Спас ли Гайдар Россию от голода и гражданской войны или таких рисков не было? Можно ли было подождать с освобождением цен или это была неизбежность? Были ли альтернативы команде Гайдара и ее либеральному курсу? Что на самом деле разрушило Советский Союз? Почему в стране так и не была построена настоящая либеральная экономика и реформы «застряли» на полпути? Что ждет нас в будущем? Эти и другие важные события из истории России обсуждают сами участники реформ 90-х. Впервые они со всей откровенностью рассказывают об успехах и неудачах об экономике и власти о выборах и Ельцине и — самое главное — о личности Егора Гайдара который навсегда останется знаменем этих реформ. |
| 521 |
Примеч. о цел. назн. |
__ |
| a |
Примеч. о целев. назн. |
Дополнительное образование |
| 650 |
Тематические рубрики |
__ |
| a |
Основная рубрика |
Художественная литература. Досуг |
| x |
Основная подрубрика |
Беллетристика и публицистика |
| 655 |
Указ. предметных рубрик (устаревшее) |
__ |
| a |
Жанр/ форма (устаревшее) |
Научно-популярная литература |
| 700 |
Другие авторы |
__ |
| a |
Другие авторы |
Кох А. |
| q |
Полное имя |
Кох Альфред |
| 856 |
Электронный адрес документа |
4_ |
| a |
Имя сервера/домена |
znanium.ru |
| m |
Помощь |
ebs_support@infra-m.ru |
| n |
Местонахождение сервера |
НИЦ ИНФРА-М |
| u |
URL |
https://znanium.ru/catalog/document?id=471696 |
| 856 |
Электронный адрес документа |
48 |
| a |
Имя сервера/домена |
znanium.ru |
| d |
Путь |
/cover/2231 |
| f |
Электронное имя |
2231285.jpg |
| q |
Тип электронного формата |
image/jpeg |
| u |
URL |
https://znanium.ru/cover/2231/2231285.jpg |
| 911 |
|
__ |
| u |
|
0030=https://znanium.ru/catalog/document?id=471696 |